First word in the dictionary by each letter - Statistics

General Stats
  • This quiz has been taken 20 times
  • The average score is 6 of 26
Answer Stats
Hint Answer % Correct
A A
100%
C Cab
58%
I I
58%
B Baby
32%
D Dad
26%
E Each
26%
F Fable
26%
H Habit
26%
P Pace
26%
R Rabbi
26%
T Table
26%
W Wade
26%
L Label
21%
Z Zany
21%
O Oaf
16%
Q Quack
16%
G Gadget
11%
S Sabbath
11%
Y Yacht
11%
J Jacket
5%
V Vacancy
5%
K Kaleidoscope
0%
M Macabre
0%
N Nag
0%
U Ubiquitous
0%
X Xenophile
0%
No matching quizzes found
Score Distribution
Percent of People with Each Score
Percentile by Number Answered
Your Score History
You have not taken this quiz